Administración de recursos humanos (Registro nro. 18648)

Detalles MARC
000 -LEADER
fixed length control field 00498nam a22001931a 4500
001 - CONTROL NUMBER
control field 18648
003 - CONTROL NUMBER IDENTIFIER
control field OSt
005 - DATE AND TIME OF LATEST TRANSACTION
control field 20260204212416.0
008 - FIXED-LENGTH DATA ELEMENTS--GENERAL INFORMATION
fixed length control field 180414s2009||||dr ||||||b||||||||||spa||
020 ## - NUMERO DE LIBRO INTERNACIONAL NORMALIZADO
International Standard Book Number 9786074422856
082 ## - DEWEY DECIMAL CLASSIFICATION NUMBER
Classification number 658.3 D475a
100 ## - ASIENTO PRINCIPAL -- NOMBRE PERSONAL
Personal name Dessler,Gary
245 ## - TÍTULO PROPIAMENTE DICHO: SUBTÍTULO
Title Administración de recursos humanos
250 ## - MENCIÓN DE EDICIÓN
Edition statement 11
264 ## - PRODUCTION, PUBLICATION, DISTRIBUTION, MANUFACTURE, AND COPYRIGHT NOTICE
Place of production, publication, distribution, manufacture México:Pearson Educación
300 ## - PHYSICAL DESCRIPTION
Extensión 832 p
650 ## - ASIENTO SECUNDARIO DE MATERIA -- TERMINO TEMÁTICO
Termino Temático Como Elemento de Entrada Administración de personal 2.Planeación de recursos humanosÌ
942 ## - ADDED ENTRY ELEMENTS (KOHA)
Source of classification or shelving scheme Dewey Decimal Classification
Koha item type Libros
Existencias
Withdrawn status Lost status Source of classification or shelving scheme Damaged status Not for loan Current library Date acquired Total Checkouts Full call number Barcode Date last seen Price effective from Koha item type
    Dewey Decimal Classification     Biblioteca UTECO 09/09/2019   658.3 D475A 018256 09/09/2019 09/09/2019 Libros
    Dewey Decimal Classification     Biblioteca UTECO 09/09/2019   658.3 D475A 018257 09/09/2019 09/09/2019 Libros
    Dewey Decimal Classification     Biblioteca UTECO 09/09/2019   658.3 D475A 018258 09/09/2019 09/09/2019 Libros
© 2021 Derechos Reservados UTECO - Teléfono: +1 809-585-2291 - Correo electrónico: biblioteca@uteco.edu.do​  
Código postal 43000 ​​
Dirección: Avenida Universitaria No. 100, 
Cotuí, Provincia Sánchez Ramírez, República Dominicana - RNC: 404-00059-6